000 00695nam a2200277Ia 4500
005 20260121124609.0
008 008 260114s9999 xx 000 0 eng d
020 _a9780231879477
037 _aEBOOK
040 _aCRL
040 _beng
040 _cCRL
041 _2eng
041 _aeng
084 _qCRL
100 _aRawles, William A.
_9978685
245 0 _aCentralizing Tendencies in the Administration of Indiana
260 _bWalter de Gruyter
260 _bWalter de Gruyter
260 _c1968
650 _aPolitical Science
_9978686
856 _uhttp://www.degruyter.com/isbn/9780231879477
942 _cEBOOK
999 _c1555781
_d1555781